000 00302nam a22001337a 4500
008 170612b xxu||||| |||| 00| 0 eng d
020 _a0520057465
041 _aeng
080 _a32
100 _a19
101 _aSHP
245 _aPOLICY ANALYSTS IN THE BUREAUCRACY
_cMELTSNER,A.J
942 _2udc
_cBK
999 _c16935
_d16935